|
|
|
|
| LEADER |
00000nam a22000007a 4500 |
| 005 |
20140501002910.0 |
| 007 |
cr|||| |||| |
| 008 |
140501s2013 br |||||s|||| 00||0 por d |
| 020 |
|
|
|a 978-85-361-2836-8
|
| 035 |
|
|
|a 12076
|
| 040 |
|
|
|a vLex
|
| 090 |
|
|
|c 4875
|d 4875
|
| 100 |
1 |
|
|a Ribeiro de Oliveira Silva, Jos ̌Antn̥io
|
| 245 |
1 |
2 |
|a A flexibilizaȯ̂ da jornada de trabalho e a violaȯ̂ do direito ̉sad︢e do trabalhador
|h [Recurso electrn̤ico] :
|b Uma anl̀ise comparativa dos sistemas jurd̕icos brasileiro e espanhol /
|c Jos ̌Antn̥io Ribeiro de Oliveira Silva
|
| 256 |
|
|
|a Servicio en ln̕ea
|
| 260 |
|
|
|a San Pablo:
|b LTR Editora,
|c 2013
|
| 300 |
|
|
|a 1 recurso electrn̤ico
|
| 500 |
|
|
|a Uma anl̀ise comparativa dos sistemas jurd̕icos brasileiro e espanhol.
|
| 506 |
1 |
|
|a Disponible solo en los productos indicados
|d vLex Global
|d vLex Global (Academic Edition, excluding Law Schools)
|d vLex Global (U.S. Academic Edition, Law Schools)
|d vLex Global (U.S. Academic Edition, excluding Law Schools)
|d vLex Global (Academic Edition, Law Schools)
|
| 650 |
0 |
4 |
|a Derecho Laboral y Seguridad Social
|z Brasil
|
| 740 |
0 |
|
|a vLex Libros (Servicio en ln̕ea)
|
| 856 |
4 |
0 |
|u http://vlex.com/source/flexibiliza-o-jornada-trabalho-viola-o-direito-saude-trabalhador-12076
|z Acceso restringido
|
| 942 |
|
|
|c BOOK
|
| 999 |
0 |
|
|a Labor Law and Social Security
|